| 000 | nam a22 7a 4500 | ||
|---|---|---|---|
| 999 |
_c232598 _d232598 |
||
| 003 | ASAB | ||
| 005 | 20170221112225.0 | ||
| 008 | 170221b xxu||||| |||| 00| 0 eng d | ||
| 040 | _cASAB | ||
| 082 | _a333.91 | ||
| 245 | _akhaaray pani ki islaah or behar istemal | ||
| 246 | _aHard water | ||
| 260 | _bfauji fertilizers company limited | ||
| 300 |
_axi, 60 p. : _c24 cm. |
||
| 942 |
_2ddc _cBK |
||